000 00201nam a22000977a 4500
999 _c533531
_d533531
040 _cdlc
082 _a823.914
100 _aNeil Gaima
_927474
245 _aOdd and the Frost Giants
942 _2ddc
_cBK